Sex and the City Guest Stars Quiz Stats

 Plays Quiz not verified by Sporcle

Challenge
Share
Tweet
Score 0/22 Timer 06:00
0 Plays Today
% Correct
Lucy Liu
88.5%
Vince Vaughn
84.8%
Sarah Michelle Gellar
83.2%
Bradley Cooper
77.5%
Nathan Lane
69.5%
David Duchovny
69.3%
Matthew McConaughey
64.7%
Alanis Morissette
60.3%
Geri Halliwell
55%
Jon Bon Jovi
54.7%
Elizabeth Banks
52.7%
% Correct
WIll Arnett
44.8%
Jennifer Coolidge
41.9%
Justin Theroux
40.6%
Kat Dennings
34.4%
Kristen Johnston
29.3%
Timothy Olyphant
28.3%
John Slattery
26.5%
Tony Hale
24.9%
Bobby Cannavale
21%
Andy Cohen
11.9%
Carrie Preston
6%

You're not logged in!

Compare scores with friends on all Sporcle quizzes.
Join for Free
OR
Log In

You Might Also Like...

Show Comments

Extras

Top Quizzes Today


Score Distribution

Your Account Isn't Verified!

In order to create a playlist on Sporcle, you need to verify the email address you used during registration. Go to your Sporcle Settings to finish the process.

Report this User

Report this user for behavior that violates our Community Guidelines.

Details: